| 000 | 01188nam a2200253 a 4500 | ||
|---|---|---|---|
| 001 | 38578 | ||
| 003 | BD-RjUL | ||
| 005 | 20211209052825.0 | ||
| 008 | 160114s2007 bg a|||| |||| 000 0 ben d | ||
| 020 |
_a9844105633 _c: Tk. 300.00 |
||
| 035 | _a(BD-RjUL)38686 | ||
| 040 |
_aBD-RjUL _bben _cBD-RjUL |
||
| 041 | _aben | ||
| 082 |
_223 _a305.42095492 _bGEN 2007 |
||
| 245 | 0 | 0 |
_aজেন্ডার ও আর্থ-সামাজিক উন্নয়ন / _cসম্পাদনা : সেলিনা হোসেন, ঋতা আফসার, মাসুদুজ্জামান |
| 260 |
_aঢাকা : _bমাওলা ব্রাদার্স, _c২০০৭ |
||
| 300 |
_a৩৩৪ পৃ. : _cচিত্র ; _b২২ সেমি |
||
| 650 |
_aনারী _xঅর্থনৈতিক অবস্থা _zবাংলাদেশ _9122999 |
||
| 650 |
_aWomen _xEconmic conditions _zBangladesh _9123000 |
||
| 700 |
_aহোসেন, সেলিনা, সম্পাদক _9123001 |
||
| 700 |
_aআফসার, ঋতা, সম্পাদক _9123002 |
||
| 700 |
_aমাসুদুজ্জামান, সম্পাদক _9123003 |
||
| 942 |
_2ddc _cBK |
||
| 999 |
_c38578 _d38578 |
||